| 000 | 00678nam a2200193 a 4500 | ||
|---|---|---|---|
| 003 | PILC | ||
| 005 | 20150702093058.0 | ||
| 008 | 100716s19uu xx 00 eng d | ||
| 020 | _a0563472561 | ||
| 050 |
_aPC 2112 _b.B758 2003 |
||
| 082 |
_aLnSF 448.242 _bB65 2003 |
||
| 100 |
_aBougard, Marie-Therese _913708 |
||
| 245 |
_aThe french experience 1 : _bNew edition / _cMarie-Thérèse Bougard; Danièle Bourdais |
||
| 260 |
_aLondon : _bBBC Languages: BBC Worldwide Ltd, _c2006. |
||
| 300 |
_a288 pages : _bcolored illustration ; _c26 cm. |
||
| 650 |
_aFrench language - textbook for foreign speakers - English _913709 |
||
| 700 |
_aBourdais, Daniele _92668 |
||
| 942 |
_2lcc _cBK |
||
| 999 |
_c283766 _d283766 |
||